[Event "Budapest FS07 Nadassy"]
[Site "Budapest"]
[Date "2019.07.10"]
[Round "5"]
[White "Nagy, Aron"]
[Black "Ilyes, Peter"]
[Result "1/2-1/2"]
[WhiteElo "2116"]
[BlackElo "1969"]
[PlyCount "116"]
[EventDate "2019.07.06"]
[EventType "team-tourn"]
[EventRounds "10"]
[EventCountry "HUN"]
[SourceTitle "EXT 2020"]
[Source "ChessBase"]
[SourceDate "2019.10.17"]
[SourceVersion "1"]
[SourceVersionDate "2019.10.17"]
[SourceQuality "1"]
[WhiteTeam "Higher Row"]
[BlackTeam "Lower Row"]
[WhiteTeamCountry "HUN"]
[BlackTeamCountry "HUN"]

1. d4 Nf6 2. c4 e6 3. Nc3 Bb4 4. Qc2 b6 5. a3 Bxc3+ 6. Qxc3 Ne4 7. Qc2 Bb7 8. Nh3 0-0 9. f3 Nf6 10. Bg5 h6 11. Bh4 d5 12. e3 Nbd7 13. Be2 c5 14. dxc5 bxc5 15. 0-0 Qb6 16. Bf2 a5 17. Rfd1 Ba6 18. Rab1 Ne5 19. cxd5 Bxe2 20. Qxe2 exd5 21. Nf4 Rfd8 22. Nd3 Nxd3 23. Qxd3 c4 24. Qc2 Qb3 25. Qxb3 cxb3 26. Rd3 a4 27. Rbd1 Rdc8 28. Be1 Rc2 29. Bc3 Rc8 30. R3d2 Rxd2 31. Rxd2 Kf8 32. Kf2 Ke7 33. Ke2 Ke6 34. Rd4 Ra8 35. Rb4 Ra6 36. Kd3 g5 37. Bd4 Nd7 38. Rb5 Rc6 39. Ra5 Rc4 40. e4 Rc2 41. exd5+ Kd6 42. Rxa4 Nc5+ 43. Bxc5+ Kxc5 44. Ra5+ Kd6 45. Kd4 Rxb2 46. Ra6+ Kd7 47. Kc3 Rxg2 48. Rxh6 b2 49. Rb6 Rxh2 50. Rxb2 Rh3 51. Rb7+ Kd6 52. Rxf7 g4 53. Kd4 Rxf3 54. Rxf3 gxf3 55. Ke3 Kxd5 56. Kxf3 Kc4 57. Ke4 Kb3 58. a4 Kxa4 1/2-1/2

[Event "Budapest FS07 Nadassy"]
[Site "Budapest"]
[Date "2019.07.06"]
[Round "1"]
[White "Nagy, Aron"]
[Black "Bilku, Andras"]
[Result "1/2-1/2"]
[WhiteElo "2116"]
[BlackElo "1901"]
[PlyCount "90"]
[EventDate "2019.07.06"]
[EventType "team-tourn"]
[EventRounds "10"]
[EventCountry "HUN"]
[SourceTitle "EXT 2020"]
[Source "ChessBase"]
[SourceDate "2019.10.17"]
[SourceVersion "1"]
[SourceVersionDate "2019.10.17"]
[SourceQuality "1"]
[WhiteTeam "Higher Row"]
[BlackTeam "Lower Row"]
[WhiteTeamCountry "HUN"]
[BlackTeamCountry "HUN"]

1. Nf3 d5 2. d4 Nf6 3. c4 c6 4. Nc3 Bg4 5. Ne5 Bh5 6. Qb3 Qb6 7. c5 Qc7 8. Bf4 Qc8 9. e3 e6 10. Bd3 Bg6 11. Nxg6 hxg6 12. h3 Nbd7 13. Qc2 Be7 14. b4 Bd8 15. e4 dxe4 16. Nxe4 Nxe4 17. Bxe4 Nf6 18. Bf3 Bc7 19. Bg5 Qd7 20. Qc4 Rd8 21. Rd1 Bb8 22. a4 0-0 23. 0-0 Qc7 24. g3 Rd7 25. Bf4 Qd8 26. Bxb8 Qxb8 27. b5 Qc8 28. Rd3 Rfd8 29. Rfd1 Nd5 30. h4 Ne7 31. Be4 Nd5 32. a5 cxb5 33. Qxb5 a6 34. Qa4 Rc7 35. Rb1 Nf6 36. Bg2 e5 37. Qb4 Qf5 38. Rf3 Qc2 39. Rc3 Qd2 40. Rc4 Qxb4 41. Rbxb4 Rxd4 42. Rxd4 exd4 43. Rxd4 Rxc5 44. Bxb7 Rxa5 45. Rd8+ Kh7 1/2-1/2

[Event "HUN-chT2 Charousek 1819"]
[Site "Hungary"]
[Date "2019.03.31"]
[Round "10.9"]
[White "Nagy, Aron"]
[Black "Kosztolanczi, Gyula"]
[Result "0-1"]
[WhiteElo "2156"]
[BlackElo "2085"]
[PlyCount "104"]
[EventDate "2018.09.23"]
[EventType "team-tourn"]
[EventRounds "11"]
[EventCountry "HUN"]
[SourceTitle "EXT 2021"]
[Source "ChessBase"]
[SourceDate "2020.10.23"]
[SourceVersion "1"]
[SourceVersionDate "2020.10.23"]
[SourceQuality "1"]
[WhiteTeam "Biatorbagy"]
[BlackTeam "Tapolca Varosi"]
[WhiteTeamCountry "HUN"]
[BlackTeamCountry "HUN"]

1. Nf3 Nf6 2. g3 g6 3. b3 Bg7 4. Bb2 d6 5. d4 c5 6. Bg2 0-0 7. 0-0 Nbd7 8. c4 Rb8 9. Nc3 a6 10. a4 cxd4 11. Nxd4 Nc5 12. Nd5 e5 13. Nf3 Nxd5 14. cxd5 f5 15. b4 Ne4 16. Nd2 Ng5 17. Nc4 f4 18. f3 Nh3+ 19. Kh1 fxg3 20. hxg3 g5 21. e3 Rf6 22. g4 Rh6 23. Bxh3 Rxh3+ 24. Kg2 Rh6 25. Rh1 Rxh1 26. Qxh1 b5 27. axb5 Rxb5 28. e4 Rxb4 29. Rc1 Bf8 30. Ba3 Rb8 31. Qh5 Qf6 32. Na5 Bd7 33. Rc3 Be8 34. Qh1 h5 35. gxh5 g4 36. fxg4 Qf4 37. Kh3 Qd2 38. Qf3 Bb5 39. Bc1 Bf1+ 40. Kg3 Qe1+ 41. Kh2 Bh6 42. g5 Rf8 43. Rc8 Rxc8 44. Nc6 Rc7 45. gxh6 Qxc1 46. h7+ Kxh7 47. Qf5+ Kh8 48. Qf8+ Kh7 49. Qf5+ Kg8 50. Qe6+ Rf7 51. Ne7+ Kf8 52. Qh6+ Qxh6 0-1

[Event "HUN-chT2 Charousek 1819"]
[Site "Hungary"]
[Date "2019.03.10"]
[Round "9.7"]
[White "Vargyas, Zoltan"]
[Black "Nagy, Aron"]
[Result "1-0"]
[WhiteElo "1989"]
[BlackElo "2156"]
[PlyCount "35"]
[EventDate "2018.09.23"]
[EventType "team-tourn"]
[EventRounds "11"]
[EventCountry "HUN"]
[SourceTitle "EXT 2021"]
[Source "ChessBase"]
[SourceDate "2020.10.23"]
[SourceVersion "1"]
[SourceVersionDate "2020.10.23"]
[SourceQuality "1"]
[WhiteTeam "Balatonfuered"]
[BlackTeam "Biatorbagy"]
[WhiteTeamCountry "HUN"]
[BlackTeamCountry "HUN"]

1. d4 d5 2. c4 e6 3. Nc3 c6 4. e3 Nf6 5. Nf3 Nbd7 6. Bd3 dxc4 7. Bxc4 b5 8. Bd3 Bd6 9. e4 e5 10. 0-0 0-0 11. Bg5 Re8 12. d5 cxd5 13. Bxb5 d4 14. Nd5 Be7 15. Bxf6 Bxf6 16. Rc1 Rb8 17. Qa4 Re6 18. Rxc8 1-0

[Event "HUN-chT2 Charousek 1819"]
[Site "Hungary"]
[Date "2018.09.23"]
[Round "1.9"]
[White "Nagy, Aron"]
[Black "Papp, Nandor"]
[Result "1-0"]
[WhiteElo "2156"]
[BlackElo "2066"]
[PlyCount "65"]
[EventDate "2018.09.23"]
[EventType "team-tourn"]
[EventRounds "11"]
[EventCountry "HUN"]
[SourceTitle "CBM 189 Extra"]
[Source "ChessBase"]
[SourceDate "2019.06.03"]
[SourceVersion "1"]
[SourceVersionDate "2019.06.03"]
[SourceQuality "1"]
[WhiteTeam "Biatorbagy"]
[BlackTeam "Aquaprofit Nagykanizsa II"]
[WhiteTeamCountry "HUN"]
[BlackTeamCountry "HUN"]

1. d4 f5 2. Bg5 d6 3. e3 c6 4. Nd2 Qc7 5. Bc4 e6 6. Ne2 g6 7. h4 d5 8. Bd3 h6 9. Bf4 Bd6 10. c4 Ne7 11. c5 Bxf4 12. Nxf4 e5 13. dxe5 Qxe5 14. Qc2 Rg8 15. Nf3 Qf6 16. Nd4 g5 17. hxg5 hxg5 18. Nh5 Qf7 19. 0-0-0 b6 20. Kb1 bxc5 21. Qxc5 Ba6 22. Bxa6 Nxa6 23. Qa5 Nb8 24. Rc1 Nd7 25. Nxc6 Rg6 26. Nxe7 Kxe7 27. f4 Rh8 28. fxg5 Rxg5 29. Nf4 Rxh1 30. Rxh1 Nf6 31. Qxa7+ Kf8 32. Qb8+ Ke7 33. Qe5+ 1-0

[Event "HUN-chT2 Breyer 1718"]
[Site "Hungary"]
[Date "2018.03.04"]
[Round "9.6"]
[White "Korodi, Mihaly"]
[Black "Nagy, Aron"]
[Result "1/2-1/2"]
[WhiteElo "1816"]
[BlackElo "2140"]
[PlyCount "116"]
[EventDate "2017.09.24"]
[EventType "team-tourn"]
[EventRounds "11"]
[EventCountry "HUN"]
[SourceTitle "EXT 2021"]
[Source "ChessBase"]
[SourceDate "2020.10.23"]
[SourceVersion "1"]
[SourceVersionDate "2020.10.23"]
[SourceQuality "1"]
[WhiteTeam "Tatabanya Turul"]
[BlackTeam "Biatorbagy"]
[WhiteTeamCountry "HUN"]
[BlackTeamCountry "HUN"]

1. e4 c5 2. Nf3 e6 3. d4 cxd4 4. Nxd4 Nc6 5. Be3 Nf6 6. Bd3 d5 7. Nxc6 bxc6 8. e5 Nd7 9. f4 c5 10. 0-0 Rb8 11. b3 g6 12. Nd2 Bg7 13. Qf3 0-0 14. Rad1 f6 15. Qh3 Qe7 16. exf6 Nxf6 17. Qh4 d4 18. Bf2 Bb7 19. Rde1 Rbe8 20. Bb5 Rd8 21. Bd3 Bd5 22. Ne4 Rde8 23. Ng5 h6 24. Bxg6 hxg5 25. fxg5 Bh8 26. gxf6 Bxf6 27. Qg4 Qg7 28. Qg3 Bh4 29. Qxh4 Qxg6 30. Qg3 Qxg3 31. Bxg3 c4 32. Rxf8+ Rxf8 33. Rd1 d3 34. bxc4 dxc2 35. Rc1 Be4 36. c5 Rf5 37. Bf2 Rd5 38. Be3 Rd3 39. Kf2 Ra3 40. c6 Rc3 41. Bxa7 Rxc6 42. g4 Ra6 43. Be3 Rxa2 44. Bf4 Ra3 45. Be3 Ra4 46. h4 Bd3 47. Rg1 Rc4 48. Bc1 Re4 49. h5 Be2 50. Rg3 Bxg4 51. h6 Kh7 52. Rc3 Re2+ 53. Kf1 Rh2 54. Rc7+ Kg6 55. Rg7+ Kf5 56. Rg5+ Kf6 57. Rxg4 e5 58. Rg1 e4 1/2-1/2

[Event "HUN-chT2 Breyer 1718"]
[Site "Hungary"]
[Date "2017.10.08"]
[Round "2.9"]
[White "Nagy, Aron"]
[Black "Szobi, Geza Jr"]
[Result "0-1"]
[WhiteElo "2140"]
[BlackElo "2208"]
[PlyCount "60"]
[EventDate "2017.09.24"]
[EventType "team-tourn"]
[EventRounds "11"]
[EventCountry "HUN"]
[SourceTitle "EXT 2021"]
[Source "ChessBase"]
[SourceDate "2020.10.23"]
[SourceVersion "1"]
[SourceVersionDate "2020.10.23"]
[SourceQuality "1"]
[WhiteTeam "Biatorbagy"]
[BlackTeam "Naszaly Geniusz Tata"]
[WhiteTeamCountry "HUN"]
[BlackTeamCountry "HUN"]

1. d4 g6 2. c4 Bg7 3. e4 d6 4. Nc3 Nd7 5. Nf3 e5 6. Be2 exd4 7. Nxd4 Ngf6 8. 0-0 0-0 9. Be3 Nc5 10. f3 a5 11. Ndb5 b6 12. Qd2 Ba6 13. Rfd1 Bxb5 14. Nxb5 Qe7 15. Rab1 Rfe8 16. Bf1 Nb7 17. b3 Rad8 18. Bg5 Nc5 19. a3 Ne6 20. Be3 Nd7 21. Nc3 Bxc3 22. Qxc3 Qf6 23. Qd2 g5 24. b4 axb4 25. axb4 Ne5 26. Ra1 Ra8 27. Qd5 Rxa1 28. Rxa1 Nxf3+ 29. gxf3 Qxa1 30. Bxg5 Qg7 0-1

[Event "Eger Agria op 41th"]
[Site "Eger"]
[Date "2017.07.22"]
[Round "8"]
[White "Juhasz, Mark"]
[Black "Nagy, Aron"]
[Result "1-0"]
[WhiteElo "2207"]
[BlackElo "2124"]
[PlyCount "47"]
[EventDate "2017.07.17"]
[EventType "swiss"]
[EventRounds "9"]
[EventCountry "HUN"]
[SourceTitle "EXT 2020"]
[Source "ChessBase"]
[SourceDate "2019.10.17"]
[SourceVersion "1"]
[SourceVersionDate "2019.10.17"]
[SourceQuality "1"]

1. d4 d5 2. c4 e6 3. Nc3 Be7 4. Nf3 Nf6 5. Bf4 0-0 6. a3 b6 7. e3 Bb7 8. cxd5 Nxd5 9. Nxd5 Bxd5 10. Bd3 Nd7 11. Qc2 Nf6 12. Qxc7 Qxc7 13. Bxc7 Rac8 14. Be5 Bc4 15. Bxc4 Rxc4 16. Bxf6 Bxf6 17. Kd2 Rd8 18. Rhc1 Rxc1 19. Rxc1 e5 20. Kd3 g5 21. g4 Bg7 22. Rc7 f5 23. Nxg5 exd4 24. Rxg7+ 1-0

[Event "Eger Agria op 41th"]
[Site "Eger"]
[Date "2017.07.18"]
[Round "3"]
[White "Setyaki, Azarya Jodi"]
[Black "Nagy, Aron"]
[Result "1-0"]
[WhiteElo "2317"]
[BlackElo "2124"]
[PlyCount "71"]
[EventDate "2017.07.17"]
[EventType "swiss"]
[EventRounds "9"]
[EventCountry "HUN"]
[SourceTitle "EXT 2020"]
[Source "ChessBase"]
[SourceDate "2019.10.17"]
[SourceVersion "1"]
[SourceVersionDate "2019.10.17"]
[SourceQuality "1"]

1. e4 e6 2. d4 d5 3. Nc3 Nf6 4. e5 Nfd7 5. f4 c5 6. Nf3 Nc6 7. Be3 Be7 8. Qd2 0-0 9. Be2 a6 10. 0-0 b5 11. Nd1 Qb6 12. dxc5 Bxc5 13. Kh1 b4 14. Bd3 h6 15. Bxc5 Nxc5 16. Ne3 Nxd3 17. cxd3 Nd4 18. Ng4 Nf5 19. d4 Bd7 20. Nf2 Rac8 21. g4 Ne7 22. Rfc1 a5 23. Nd3 Rxc1+ 24. Rxc1 Rc8 25. Nc5 Bb5 26. Nh4 Qd8 27. Qf2 g5 28. Ng2 Ng6 29. f5 Nf8 30. Re1 Rc6 31. h4 Nd7 32. Nxd7 Qxd7 33. f6 Kh7 34. hxg5 hxg5 35. Qe3 Kg6 36. Qh3 1-0

[Event "Eger Agria op 41th"]
[Site "Eger"]
[Date "2017.07.17"]
[Round "1"]
[White "Baranyi, Robert"]
[Black "Nagy, Aron"]
[Result "0-1"]
[WhiteElo "1652"]
[BlackElo "2124"]
[PlyCount "112"]
[EventDate "2017.07.17"]
[EventType "swiss"]
[EventRounds "9"]
[EventCountry "HUN"]
[SourceTitle "EXT 2020"]
[Source "ChessBase"]
[SourceDate "2019.10.17"]
[SourceVersion "1"]
[SourceVersionDate "2019.10.17"]
[SourceQuality "1"]

1. e4 e6 2. d4 d5 3. Nd2 Be7 4. Ngf3 Nf6 5. Bd3 c5 6. c3 cxd4 7. Nxd4 Nc6 8. Qa4 Bd7 9. Bb5 Nxd4 10. Bxd7+ Qxd7 11. Qxd4 dxe4 12. Qxd7+ Kxd7 13. 0-0 Bc5 14. b4 e3 15. Nc4 exf2+ 16. Kh1 Bb6 17. Nxb6+ axb6 18. Be3 Nd5 19. Bxf2 f6 20. Rfd1 Rhc8 21. Rac1 b5 22. Rc2 Ke8 23. Re2 Kf7 24. Bc5 b6 25. Bd4 Nxc3 26. Bxc3 Rxc3 27. h3 e5 28. Rd7+ Kg6 29. Rd6 Kf5 30. Rxb6 Rca3 31. Rxb5 Rxa2 32. Rxa2 Rxa2 33. Rb7 Kg6 34. b5 Rb2 35. b6 f5 36. Rb8 e4 37. b7 Kg5 38. g3 h5 39. Kg1 h4 40. Rh8 Rxb7 41. Rxh4 Rb2 42. Rf4 g6 43. Kh1 Kf6 44. h4 Ke5 45. Rf1 e3 46. g4 fxg4 47. Rg1 Kf4 48. Rf1+ Rf2 49. Re1 g3 50. Kg1 g2 51. Rb1 Rf1+ 52. Rxf1+ gxf1Q+ 53. Kxf1 Kf3 54. Ke1 e2 55. h5 gxh5 56. Kd2 Kf2 0-1

[Event "HUN-chT2 Breyer 1617"]
[Site "Hungary"]
[Date "2017.03.12"]
[Round "8.9"]
[White "Banszegi, Attila"]
[Black "Nagy, Aron"]
[Result "1-0"]
[WhiteElo "2022"]
[BlackElo "2136"]
[PlyCount "106"]
[EventDate "2016.10.30"]
[EventType "team-tourn"]
[EventRounds "9"]
[EventCountry "HUN"]
[SourceTitle "EXT 2021"]
[Source "ChessBase"]
[SourceDate "2020.10.23"]
[SourceVersion "1"]
[SourceVersionDate "2020.10.23"]
[SourceQuality "1"]
[WhiteTeam "Kisber Aszar"]
[BlackTeam "Biatorbagy"]
[WhiteTeamCountry "HUN"]
[BlackTeamCountry "HUN"]

1. e4 c6 2. d4 d5 3. e5 Bf5 4. Bd3 Bxd3 5. Qxd3 e6 6. Ne2 c5 7. c3 Nc6 8. a3 Nge7 9. 0-0 Nf5 10. Nd2 Qb6 11. Nf3 Rc8 12. g4 Nfe7 13. Kg2 h5 14. h3 Ng6 15. Nf4 hxg4 16. hxg4 Nh4+ 17. Nxh4 Rxh4 18. Kg3 Rh8 19. Be3 cxd4 20. cxd4 Be7 21. Ng2 Na5 22. b4 Nc4 23. Bc1 Kd7 24. f4 g6 25. Be3 Qa6 26. Qb3 Nxe3 27. Qxe3 Rc2 28. Rf2 Rhc8 29. Rxc2 Rxc2 30. Rc1 Re2 31. Qc3 Bd8 32. Rf1 Ra2 33. Ra1 Rxa1 34. Qxa1 Qd3+ 35. Kh2 Bb6 36. Qe1 Qxd4 37. Qf1 g5 38. a4 a6 39. a5 Bc7 40. b5 gxf4 41. bxa6 bxa6 42. Nh4 Qxe5 43. Nf3 Qb2+ 44. Kh3 Qc3 45. Qd1 Qxa5 46. g5 Bd6 47. Qd4 Qa3 48. Qa7+ Bc7 49. Kg4 Qd6 50. Qd4 e5 51. Qa4+ Ke7 52. Nh4 Qd7+ 53. Nf5+ Kf8 1-0

[Event "HUN-chT2 Breyer 1617"]
[Site "Hungary"]
[Date "2017.02.26"]
[Round "7.9"]
[White "Nagy, Aron"]
[Black "Horkai, Andras"]
[Result "0-1"]
[WhiteElo "2161"]
[BlackElo "2011"]
[PlyCount "72"]
[EventDate "2016.10.30"]
[EventType "team-tourn"]
[EventRounds "9"]
[EventCountry "HUN"]
[SourceTitle "EXT 2021"]
[Source "ChessBase"]
[SourceDate "2020.10.23"]
[SourceVersion "1"]
[SourceVersionDate "2020.10.23"]
[SourceQuality "1"]
[WhiteTeam "Biatorbagy"]
[BlackTeam "Vizugy"]
[WhiteTeamCountry "HUN"]
[BlackTeamCountry "HUN"]

1. Nf3 Nf6 2. g3 g6 3. b3 Bg7 4. Bb2 d5 5. c4 dxc4 6. bxc4 0-0 7. Bg2 c5 8. 0-0 Nc6 9. d3 Qc7 10. Nc3 Bg4 11. h3 Bxf3 12. Bxf3 Rab8 13. Qd2 a6 14. Nd5 Nxd5 15. Bxg7 Kxg7 16. Bxd5 Rfd8 17. Rab1 f6 18. a4 Nb4 19. Bg2 a5 20. h4 Rd4 21. Be4 Rbd8 22. Qe3 f5 23. Bg2 e5 24. h5 b6 25. f4 exf4 26. gxf4 gxh5 27. Qg3+ Kh8 28. Qg5 Qf7 29. Bd5 R4xd5 30. cxd5 Rg8 31. e4 h6 32. Qxg8+ Qxg8+ 33. Kh2 Qg4 34. Rb2 Nxd3 35. Rg2 Qh4+ 36. Kg1 Nxf4 0-1

[Event "HUN-chT2 Breyer 1617"]
[Site "Hungary"]
[Date "2016.12.11"]
[Round "4.10"]
[White "Bagdi, Timea"]
[Black "Nagy, Aron"]
[Result "0-1"]
[WhiteElo "1972"]
[BlackElo "2135"]
[PlyCount "56"]
[EventDate "2016.10.30"]
[EventType "team-tourn"]
[EventRounds "9"]
[EventCountry "HUN"]
[SourceTitle "EXT 2021"]
[Source "ChessBase"]
[SourceDate "2020.10.23"]
[SourceVersion "1"]
[SourceVersionDate "2020.10.23"]
[SourceQuality "1"]
[WhiteTeam "Naszaly Geniusz Tata"]
[BlackTeam "Biatorbagy"]
[WhiteTeamCountry "HUN"]
[BlackTeamCountry "HUN"]

1. d4 Nf6 2. c4 e6 3. Nc3 Bb4 4. Qc2 d5 5. cxd5 exd5 6. Bg5 h6 7. Bh4 c5 8. e3 cxd4 9. exd4 Qe7+ 10. Qe2 Be6 11. Bxf6 Bxc3+ 12. bxc3 Qxf6 13. Qb5+ Nd7 14. Nf3 0-0 15. Be2 Qg6 16. 0-0 Bh3 17. Nh4 Qg5 18. Kh1 Qxh4 19. gxh3 Nf6 20. Bf3 Qxh3 21. Bg2 Qxc3 22. Rad1 Qc6 23. Qb3 Rfe8 24. Qg3 Ne4 25. Bxe4 Rxe4 26. f3 Re2 27. Rg1 Qf6 28. Rb1 Rc8 0-1

[Event "HUN-chT2 Breyer 1617"]
[Site "Hungary"]
[Date "2016.11.13"]
[Round "2.10"]
[White "Morvay, Jeno"]
[Black "Nagy, Aron"]
[Result "1/2-1/2"]
[WhiteElo "2037"]
[BlackElo "2148"]
[PlyCount "47"]
[EventDate "2016.10.30"]
[EventType "team-tourn"]
[EventRounds "9"]
[EventCountry "HUN"]
[SourceTitle "EXT 2021"]
[Source "ChessBase"]
[SourceDate "2020.10.23"]
[SourceVersion "1"]
[SourceVersionDate "2020.10.23"]
[SourceQuality "1"]
[WhiteTeam "Budapest MLTC"]
[BlackTeam "Biatorbagy"]
[WhiteTeamCountry "HUN"]
[BlackTeamCountry "HUN"]

1. c4 c5 2. Nc3 g6 3. g3 Bg7 4. Bg2 Nc6 5. Nf3 d6 6. d3 Bf5 7. Bd2 Qc8 8. 0-0 Bh3 9. Rb1 h5 10. Nd5 Rb8 11. Nf4 Bxg2 12. Nxg2 Nh6 13. a3 Nf5 14. h4 0-0 15. b4 cxb4 16. axb4 b5 17. cxb5 Rxb5 18. Nf4 Qb7 19. e4 Nfd4 20. Nxd4 Bxd4 21. Qb3 e6 22. Rfc1 Qb6 23. Kg2 a5 24. bxa5 1/2-1/2

[Event "HUN-chT2 Breyer 1516"]
[Site "Hungary"]
[Date "2016.02.14"]
[Round "7.8"]
[White "Nagy, Aron"]
[Black "Vagvolgyi, Istvan"]
[Result "1-0"]
[WhiteElo "2136"]
[BlackElo "1882"]
[PlyCount "89"]
[EventDate "2015.09.13"]
[EventType "team-tourn"]
[EventRounds "11"]
[EventCountry "HUN"]
[SourceTitle "EXT 2017"]
[Source "ChessBase"]
[SourceDate "2016.10.25"]
[SourceVersion "1"]
[SourceVersionDate "2016.10.25"]
[SourceQuality "1"]
[WhiteTeam "Biatorbagy"]
[BlackTeam "Nyergesujfalu"]
[WhiteTeamCountry "HUN"]
[BlackTeamCountry "HUN"]

1. Nf3 d5 2. e3 e6 3. c4 Nf6 4. Nc3 Be7 5. b3 0-0 6. Bb2 b6 7. Be2 Bb7 8. 0-0 Nbd7 9. Rc1 Nc5 10. cxd5 Nxd5 11. Nxd5 Bxd5 12. b4 Ne4 13. d3 Nf6 14. a3 c5 15. bxc5 Bxc5 16. e4 Bb7 17. d4 Be7 18. e5 Nd5 19. Bd3 Rc8 20. Qa4 a5 21. Rxc8 Qxc8 22. Rc1 Qd8 23. Qc2 f5 24. exf6 Nxf6 25. Qe2 Qd6 26. Re1 Bxf3 27. Qxf3 Re8 28. Qh3 Bd8 29. Re5 Qc6 30. Bb5 Qc2 31. Bc3 Qb1+ 32. Be1 Re7 33. Bd3 Qa2 34. g4 h6 35. g5 hxg5 36. Rxg5 Qa1 37. Qe3 Nd5 38. Qe4 Nf6 39. Qe5 Bc7 40. Qe3 Kf8 41. Kf1 e5 42. Qh3 exd4 43. Qh8+ Ng8 44. Rf5+ Ke8 45. Bb5+ 1-0

[Event "HUN-chT2 Breyer 1516"]
[Site "Hungary"]
[Date "2015.11.08"]
[Round "4.10"]
[White "Horvath, Csaba3333"]
[Black "Nagy, Aron"]
[Result "0-1"]
[WhiteElo "2196"]
[BlackElo "2131"]
[PlyCount "70"]
[EventDate "2015.09.13"]
[EventType "team-tourn"]
[EventRounds "11"]
[EventCountry "HUN"]
[SourceTitle "CBM 170 Extra"]
[Source "ChessBase"]
[SourceDate "2016.02.25"]
[SourceVersion "1"]
[SourceVersionDate "2016.02.25"]
[SourceQuality "1"]
[WhiteTeam "Sarkany DSE"]
[BlackTeam "Biatorbagy"]
[WhiteTeamCountry "HUN"]
[BlackTeamCountry "HUN"]

1. e4 c6 2. d4 d5 3. Nc3 dxe4 4. Nxe4 Bf5 5. Ng3 Bg6 6. h4 h6 7. Nf3 e6 8. Bd3 Bxd3 9. Qxd3 Nf6 10. Bf4 Qa5+ 11. Bd2 Bb4 12. c3 Be7 13. c4 Qc7 14. Ne4 Nbd7 15. g3 Nxe4 16. Qxe4 Nf6 17. Qe2 c5 18. Bc3 cxd4 19. Nxd4 a6 20. Nf3 Rc8 21. Nd2 Qc6 22. 0-0-0 b5 23. Kb1 bxc4 24. Rc1 Qb5 25. Ne4 0-0 26. Bxf6 Bxf6 27. Nd6 Qb4 28. Nxc8 Rxc8 29. Rc2 c3 30. Qxa6 Rd8 31. Qa3 Qe4 32. Rhc1 cxb2 33. Rg1 Rd2 34. Qb3 Re2 35. Qb8+ Kh7 0-1

[Event "HUN-chT2 Breyer 1516"]
[Site "Hungary"]
[Date "2015.10.18"]
[Round "3.9"]
[White "Nagy, Miklos"]
[Black "Nagy, Aron"]
[Result "0-1"]
[WhiteElo "1853"]
[BlackElo "2132"]
[PlyCount "56"]
[EventDate "2015.09.13"]
[EventType "team-tourn"]
[EventRounds "11"]
[EventCountry "HUN"]
[SourceTitle "CBM 170 Extra"]
[Source "ChessBase"]
[SourceDate "2016.02.25"]
[SourceVersion "1"]
[SourceVersionDate "2016.02.25"]
[SourceQuality "1"]
[WhiteTeam "Szazhalombatta"]
[BlackTeam "Biatorbagy"]
[WhiteTeamCountry "HUN"]
[BlackTeamCountry "HUN"]

1. e4 c6 2. d4 d5 3. Nc3 dxe4 4. Nxe4 Bf5 5. Ng3 Bg6 6. h4 h6 7. Nf3 e6 8. h5 Bh7 9. Bd3 Bxd3 10. Qxd3 Nf6 11. Bd2 Be7 12. 0-0-0 0-0 13. Ne5 c5 14. Nxf7 Rxf7 15. Qg6 Nbd7 16. Ne4 Nf8 17. Nxf6+ Rxf6 18. Qg3 Qd6 19. f4 cxd4 20. Be3 Rc8 21. Rxd4 Qc7 22. Kb1 Qxc2+ 23. Ka1 Rf5 24. Qf3 Bf6 25. Rb4 Rd5 26. a3 Rd3 27. Ka2 Rcc3 28. Ra4 Rxa3+ 0-1

[Event "HUN-chT2 Breyer 1516"]
[Site "Hungary"]
[Date "2015.09.13"]
[Round "1.10"]
[White "Nagy, Aron"]
[Black "Pallag, Gergely"]
[Result "1-0"]
[WhiteElo "2123"]
[BlackElo "2087"]
[PlyCount "59"]
[EventDate "2015.09.13"]
[EventType "team-tourn"]
[EventRounds "11"]
[EventCountry "HUN"]
[SourceTitle "CBM 170 Extra"]
[Source "ChessBase"]
[SourceDate "2016.02.25"]
[SourceVersion "1"]
[SourceVersionDate "2016.02.25"]
[SourceQuality "1"]
[WhiteTeam "Biatorbagy"]
[BlackTeam "Kisber Aszar"]
[WhiteTeamCountry "HUN"]
[BlackTeamCountry "HUN"]

1. c4 e6 2. g3 Nf6 3. Bg2 c6 4. Nf3 d5 5. 0-0 Bd6 6. d4 Nbd7 7. Nbd2 0-0 8. Qc2 Rb8 9. e4 Bc7 10. b3 b5 11. e5 Nh5 12. a4 bxc4 13. bxc4 Ba6 14. Re1 Ba5 15. Ba3 Re8 16. Bd6 Rc8 17. c5 g6 18. Reb1 Ng7 19. Bf1 Bxf1 20. Nxf1 Nf5 21. Rb7 Ra8 22. Rab1 Qc8 23. Qd3 Nxd6 24. exd6 Bb6 25. Rxd7 Qxd7 26. Ne5 Qc8 27. d7 Qc7 28. dxe8Q+ Rxe8 29. cxb6 axb6 30. Qb3 1-0

[Event "Budapest op 4th"]
[Site "Budapest"]
[Date "2014.08.24"]
[Round "9"]
[White "Nagy, Aron"]
[Black "Grigoryan, Meri"]
[Result "0-1"]
[WhiteElo "2145"]
[BlackElo "1996"]
[PlyCount "68"]
[EventDate "2014.08.16"]
[EventType "swiss"]
[EventRounds "9"]
[EventCountry "HUN"]
[SourceTitle "CBM 161 Extra"]
[Source "ChessBase"]
[SourceDate "2014.08.29"]
[SourceVersion "1"]
[SourceVersionDate "2014.08.29"]
[SourceQuality "1"]

1. d4 d5 2. Nf3 Bf5 3. c4 c6 4. Nc3 e6 5. Qb3 Qb6 6. c5 Qxb3 7. axb3 Na6 8. Rxa6 bxa6 9. Bf4 f6 10. b4 Ne7 11. e3 Ng6 12. Bc7 Kd7 13. Ba5 Be7 14. Bxa6 Bd8 15. Bxd8 Rhxd8 16. b5 Rdb8 17. Kd2 cxb5 18. b4 Ne7 19. Nh4 Bg4 20. Ra1 Nc6 21. Bxb5 a6 22. Bf1 Rxb4 23. Na4 Ra7 24. Nb6+ Kc7 25. Kc3 a5 26. e4 Rxd4 27. Bb5 Rxe4 28. f3 Rb4 29. Bxc6 Kxc6 30. fxg4 Kxc5 31. Na4+ Kb5 32. Nf3 Rc7+ 33. Kd3 Rxa4 34. Nd4+ Rxd4+ 0-1

[Event "Budapest op 4th"]
[Site "Budapest"]
[Date "2014.08.22"]
[Round "7"]
[White "Nagy, Aron"]
[Black "Karacsonyi, Gellert"]
[Result "1-0"]
[WhiteElo "2145"]
[BlackElo "1806"]
[PlyCount "49"]
[EventDate "2014.08.16"]
[EventType "swiss"]
[EventRounds "9"]
[EventCountry "HUN"]
[SourceTitle "CBM 161 Extra"]
[Source "ChessBase"]
[SourceDate "2014.08.29"]
[SourceVersion "1"]
[SourceVersionDate "2014.08.29"]
[SourceQuality "1"]

1. d4 f5 2. g3 Nf6 3. Bg2 g6 4. Nf3 Bg7 5. 0-0 0-0 6. Nbd2 d6 7. Re1 Qe8 8. e4 f4 9. e5 Nd5 10. Ng5 Nb6 11. exd6 fxg3 12. hxg3 cxd6 13. c3 e5 14. dxe5 dxe5 15. a4 Nc6 16. a5 Nd7 17. Qb3+ Kh8 18. Ne6 Rb8 19. Nxf8 Qxf8 20. Ne4 Nf6 21. Ng5 h6 22. Nf7+ Kh7 23. Bxc6 Qc5 24. Bg2 Ng4 25. Be3 1-0